000 00498pab a2200181 454500
008 180718b2012 xxu||||| |||| 00| 0 eng d
100 _aBhalla, Jyoti
245 _aA study of factors affecting use of computers by school teachers in teaching-learning process
260 _c2012
300 _ap.389-392.
362 _aApr
650 _aTeaching
650 _aTeachers
650 _aComputers
773 _aJournal of Educational Planning and Administration
908 _aN
909 _a99788
999 _c99787
_d99787